ბათუმის შოთა რუსთაველის სახელმწიფო უნივერსიტეტის ბიბლიოთეკა

ლურჯი მოცვის წარმოების ტექნოლოგია / (ბიბ.ჩანაწერი № 61236)

000 -ლიდერი
ფიქსირებული სიგრძის საკონტროლო ველი 01555nam a22002537a 4500
003 - საკონტროლო ნომრის იდენტიფიკატორი
საკონტროლო ველი Ge_BSU
005 - ბოლო ოპერაციის თარიღი და დრო
საკონტროლო ველი 20240109162948.0
008 - ფიქსირებული სიგრძის მონაცემთა ელემენტები - ზოგადი ინფორმაცია
ფიქსირებული სიგრძის საკონტროლო ველი 240109s2020ge xxu||||| |||| 00| 0 geo d
020 ## - წიგნის საერთაშორისო სტანდარტული ნომერი
International Standard Book Number 9789941822797
041 ## - ენის კოდი
Language code of text/sound track or separate title geo
080 ## - უნივერსალური ათობითი კლასიფიკაციის ინდექსი
Universal Decimal Classification number 634.733 გ-21
100 ## - მთავარი ჩანაწერი - პიროვნების სახელი
Personal name გარსია სალაზარი, კარლოს, ავტორი.
9 (RLIN) 20995
245 ## - ცნობა სათაურის შესახებ
Title ლურჯი მოცვის წარმოების ტექნოლოგია /
Statement of responsibility, etc ავტორები: კარლოს გარსია სალაზარი და ანამარია გომეზ როდასი ; რედ. ზვიად ბობოქაშვილი.
250 ## - გამოცემის ცნობა
Edition statement I გამოცემა
264 ## - წარმოების, გამოცემის, დისტრიბუციის და სხვა ცნობები
გამოცემის, წარმოების, დისტრიბუციის... ადგილი თბილისი,
გამოცემის, წარმოების, დისტრიბუციის... თარიღი 2020.
300 ## - ფიზიკური აღწერა
Extent 228 გვ. :
Other physical details ილ. ;
Dimensions 23 სმ.
440 ## - სერიის ცნობა / დამატებულია ჩანაწერი - სათაური
Title ფერმერის გზამკვლევი
9 (RLIN) 20996
501 ## - შენიშვნა თანმხლებ მასალაზე
With note გამოცემულია აშშ საერთაშორისო განვითარების სააგენტოს (USAID) მიერ გაწეული დახმარების შედეგად.
653 ## - INDEX TERM--UNCONTROLLED
Uncontrolled term მოცვის მოვლა-მოყვანა
653 ## - INDEX TERM--UNCONTROLLED
Uncontrolled term მებარეობა ზოგადად.მეხილეობა
700 ## - ADDED ENTRY--PERSONAL NAME
Personal name გომეზ როდასი, ანამარია
9 (RLIN) 20997
700 ## - ADDED ENTRY--PERSONAL NAME
Personal name ბობოქაშვილი, ზვიად
Relator term რედაქტორი
9 (RLIN) 12742
942 ## - ADDED ENTRY ELEMENTS (KOHA)
Source of classification or shelving scheme
Koha item type წიგნი
ეგზემპლარები
ჩამოწერის სტატუსი დაკარგული ეგზემპლარის სტატუსი კლასიფიკაციის წყარო ან თაროზე გაწყობის სქემა დაზიანების სტატუსი არ გაიცემა მუდმივი მდებარეობა (დაცვის ადგილი) ამჟამინდელი ადგილსამყოფელი თაროზე განთავსების ადგილი შეძენის თარიღი ღირებულება, შესყიდვის ნორმალური ფასი სრული შენახვის შიფრი შტრიხკოდი ბოლო ოპერაციის თარიღი ეგზემპლარის მიმდევრობითი ნომერი (კეტერი?) ფასის ძალაში შესვლის თარიღი ეგზემპლარის სახეობა საჯარო შენიშვნა
          ბათუმის შოთა რუსთაველის სახელმწიფო უნივერსიტეტის მთავარი ბიბლიოთეკა ბათუმის შოთა რუსთაველის სახელმწიფო უნივერსიტეტის მთავარი ბიბლიოთეკა წიგნსაცავი 2024-01-09 10.00 634.733 გ-21 67008 2024-01-09 67008 2024-01-09 წიგნი 10.00
          ბათუმის შოთა რუსთაველის სახელმწიფო უნივერსიტეტის მთავარი ბიბლიოთეკა ბათუმის შოთა რუსთაველის სახელმწიფო უნივერსიტეტის მთავარი ბიბლიოთეკა წიგნსაცავი 2024-01-09 10.00 634.733 გ-21 67009 2024-01-09 67009 2024-01-09 წიგნი 10.00